000 03182cam a22006494i 4500
003 PE-LiUPU
005 20250731172854.0
008 150706s2015 ag r 000 0 spa d
020 _a9877012286
020 _a9877013258
_qObra completa
020 _a9789877012286
020 _a9789877013252
_qObra completa
035 _a(Sirsi) a162908
040 _aPE-LiUPU
_bspa
_cPE-LiUPU
_erda
041 1 _aspa
_heng
049 _aPRUA
050 _aBX6147
_b.MJ
082 0 4 _a286.7325
_bMJ
_220
100 1 _aWhite, Elena G. de,
_d1827-1915,
_eautor.
245 1 0 _aSolo para jóvenes :
_bsecretos para aprovechar lo mejor de la vida /
_cEllen G. de White.
250 _aPrimera edición.
264 1 _aBuenos Aires:
_bACES,
_c2015.
300 _a176 páginas ;
_c20 centímetros.
336 _atext
_2rdacontent
337 _aunmediated
_2rdamedia
338 _avolume
_2rdacarrier
490 0 _aMensajes de Esperanza.
505 0 _aLectura y música -- Apariencia personal -- Recreación y diversión -- Relaciones sociales -- Noviazgo y casamiento -- Vida devocional.
526 _aSEG42
526 _aSEG41
526 _aSEG40
526 _aSEG39
526 _aP94
526 _aP87
526 _aP86
526 _aP85
526 _aP77
526 _aP76
526 _aP35
534 _pTítulo original :
_tMessages to young people.
650 0 4 _aJuventud
_xVida religiosa.
650 0 4 _aVida cristiana
_xEscritores adventistas.
910 _ajck
_bebj
_cebj
_d20160811
942 _2ddc
_cBOOK
994 _aC0
_bPEPRU
596 _a1 4
999 _a286.732 SPJ 2015
_wLC
_c11836
_i74268
_d11836
_e2022-6-7
_f2021-11-11
_g6
_lCCODEBUL1
_mBUL
_n3
_p5.00
_q3
_r0
_sY
_tBOOK
_u2016-8-11
_xTEOLOGIA
_PP35
_0COMPRA
_o.STAFF. Colección Teología
999 _a286.732 SPJ 2015
_wLC
_c2
_i74269
_d2018-8-21
_e2018-5-2
_f2021-11-11
_g6
_lCCODEBUL1
_mBUL
_n2
_p5.00
_q2
_r0
_sY
_tBOOK
_u2016-8-11
_xTEOLOGIA
_PP35
_0COMPRA
_o.STAFF. Colección Teología
999 _a286.732 SPJ 2015
_wLC
_c3
_i74270
_d2019-6-24
_e2018-9-13
_f2021-11-11
_g6
_lCCODEBUL1
_mBUL
_n2
_p5.00
_q2
_r0
_sY
_tBOOK
_u2016-8-11
_xTEOLOGIA
_PP35
_0COMPRA
_o.STAFF. Colección Teología
999 _a286.732 SPJ 2015
_wLC
_c4
_i74271
_d2019-10-31
_e2019-10-31
_f2021-11-11
_g6
_lCCODEBUL1
_mBUL
_n4
_p5.00
_r0
_sY
_tBOOK
_u2016-8-11
_xTEOLOGIA
_PP35
_0COMPRA
_o.STAFF. Colección Teología
999 _a286.732 SPJ 2015
_wLC
_c5
_i74272
_d2018-10-16
_e2017-6-18
_f2021-11-11
_g6
_lCCODEBUL1
_mBUL
_n2
_p5.00
_q4
_r0
_sY
_tBOOK
_u2016-8-11
_xTEOLOGIA
_PP35
_0COMPRA
_o.STAFF. Colección Teología
999 _a286.732 SPJ 2015
_wLC
_c6
_i74273
_d2022-7-11
_e2018-5-18
_f2021-11-11
_g6
_lCCODEBUL1
_mBUL
_n3
_p5.00
_q2
_r0
_sY
_tBOOK
_u2016-8-11
_xTEOLOGIA
_PP35
_0COMPRA
_o.STAFF. Colección Teología
999 _a286.7325 MJ 2014
_wDEWEY
_c1
_iCW00122
_lCCODECWL1
_mBWL
_p6.00
_r0
_sY
_tBOOK
_u2017-2-2
_xWHITE
_zUNKNOWN
_0COMPRA
_o.STAFF. Centro White
999 _a286.7325 MJ 2014
_wDEWEY
_c2
_iCW00123
_f2021-12-21
_g4
_lCCODECWL1
_mBWL
_p10.00
_r0
_sY
_tBOOK
_u2017-2-2
_xWHITE
_zUNKNOWN
_0COMPRA
_o.STAFF. Centro White
980 _81
_gALBERTO SANCHEZ Responsable de Automatización